Prejudices : second series /

Bibliographic Details
Main Author: Mencken, H. L. (Henry Louis), 1880-1956
Format: Book
Language:English
Published: New York : A. A. Knopf, [1920]

MARC

Tag First Indicator Second Indicator Subfields
LEADER 00000cam a2200000 4500
001 in00000022159
005 20151007063903.0
008 720313s1920 nyu 00010 eng u
010 |a  20020969  
035 |a (OCoLC)00261662 
035 |9 AAD8505AM 
040 |c DAY  |d TXA  |d UtOrBLW 
049 |a TXAM  |c 1 [40084]  |c 2 [149845]  |c 3 [152231]  |c 4 [157700] 
050 0 |a PS3525.E43  |b P82 1920 
092 |a 814  |b M536p, 2d ser. 
100 1 |a Mencken, H. L.  |q (Henry Louis),  |d 1880-1956. 
245 1 0 |a Prejudices :  |b second series /  |c by H. L. Mencken. 
264 1 |a New York :  |b A. A. Knopf,  |c [1920] 
264 4 |c [©1920] 
300 |a 254 pages ;  |c 20 cm. 
336 |a text  |b txt  |2 rdacontent 
337 |a unmediated  |b n  |2 rdamedia 
338 |a volume  |b nc  |2 rdacarrier 
999 |a MARS 
999 f f |s 61108489-94f1-3ae1-bad4-a4e4b8d8e6e0  |i 7e7eaa69-7cd9-3853-977d-7c70186a545d  |t 0 
952 f f |p ric  |a Texas A&M University  |b Rellis Campus  |c Joint Library Facility  |d Remote Storage  |t 0  |e PS3525.E43 P82 1920  |h Library of Congress classification  |i unmediated -- volume  |m A14801258742 
998 f f |a PS3525.E43 P82 1920  |t 0  |l Remote Storage